|
|
|
|
| LEADER |
01330nam a22003372a 4500 |
| 001 |
001613685 |
| 003 |
CZ BrMZK |
| 005 |
20231123122833.0 |
| 007 |
ta |
| 008 |
180125s1951 xr er|||||||||||cze d |
| 015 |
|
|
|a cnb000504951
|
| 035 |
|
|
|a (OCoLC)85308466
|
| 040 |
|
|
|a ABA001
|b cze
|c PNA001
|d ABA001
|d BOA001
|
| 041 |
1 |
|
|a cze
|h rus
|
| 100 |
1 |
|
|a Konakov, Dmitrij Maksimovič,
|d -1965
|7 jx20050617005
|4 aut
|
| 245 |
1 |
0 |
|a Technické normování a mzdy v průmyslu SSSR :
|b [Záznam předn. pronesené dne 9.2.1951 v Radiopaláci v Praze] /
|c D.M. Konakov ; přel. Miloslav Hušek
|
| 260 |
|
|
|a Praha :
|b Práce,
|c 1951
|
| 300 |
|
|
|a 22 [2] s. ;
|c 8°
|
| 490 |
1 |
|
|a Osnovy odborářského školení - červené ;
|v sv. 8
|
| 500 |
|
|
|a Přeloženo z ruštiny
|
| 500 |
|
|
|a 2200 výt.
|
| 500 |
|
|
|a Dostupné též v digitální podobě v aplikaci Kramerius
|
| 504 |
|
|
|a Obsahuje bibliografii
|
| 700 |
1 |
|
|a Hušek, Miloslav
|7 jk01043334
|4 trl
|
| 830 |
|
0 |
|a Osnovy odborářského školení - červené
|
| 856 |
4 |
1 |
|u http://www.digitalniknihovna.cz/mzk/uuid/uuid:68aeb110-026d-11e8-b1a1-005056827e52
|y Digitalizovaný dokument
|x NDK
|
| 910 |
|
|
|a BOA001
|b X-0286.574
|b TK-0041.903,8
|
| 990 |
|
|
|a BK
|
| 995 |
|
|
|a 01
|
| 991 |
|
|
|b 201801
|
| 996 |
6 |
|
|b 2619190114
|c X-0286.574
|l MZK
|r Sklad / do 24 hodin
|n 0
|w 001648959
|u 000010
|a 1
|e BOA001
|j MZK50
|s P
|